00999cam a2200277 a 450000100100000000500170001000800410002702000220006803500190009004000350010908200240014410000390016824500610020725000110026826000620027930000210034149000190036258600640038150400350044565100320048083000270051291000280053904900090056795201280057699900170070400001824820200929165423.0820416s1970 pr b 000 0 spa d a0940238349 (pbk.) a(DLC) 80067412 aDO-SdBNPbspacDLCdDLCdBNPHU a972.95bB641p, 19701 aBlanco, Tomás,d1896-1975.9685810aProntuario histórico de Puerto Rico /cTomás Blanco. a6a ed. aSan Juan :bInstituto de Cultura Puertorriqueña,c1970. a140 p. ;c19 cm.1 aBlanco popular aPrimer premio del Instituto de Literatura Puertorriqueña. aBibliografías: p. [136]-140. 4aPuerto RicoxHistoria91079 0aBlanco popular.939525 aCatalogación derivada aBNGR 001054708MOaGRbGRcCTd2010-04-22iLF1l0o972.95 B641p, 1970p18248-10r2020-06-25w2020-06-25y4ZPréstamo en sala c17769d17769